Every muslim majority country that recognises Israel - Statistics

General Stats
  • This quiz has been taken 183 times
    167 since last reset
  • The average score is 15 of 22
Answer Stats
Continent Answer % Correct
Europe Albania
88%
Europe Bosnia & Herzgovina
87%
Asia United Arab Emirates
87%
Africa Egypt
85%
Asia Turkey
85%
Asia Azerbaijan
76%
Asia Bahrain
76%
Asia Kazakhstan
76%
Asia Turkmenistan
76%
Asia Uzbekistan
76%
Asia Jordan
74%
Asia Kyrgyzstan
74%
Africa Chad
70%
africa Nigeria
68%
Africa Senegal
64%
Africa The Gambia
62%
Africa Guinea
60%
Africa Burkina faso
53%
Africa Sierra Leone
52%
Africa Guinea Bissau
50%
Asia Maldives
47%
Africa Ivory Coast
40%
No matching quizzes found
Score Distribution
Percent of People with Each Score
Percentile by Number Answered
Your Score History
You have not taken this quiz since the last reset